Field hockey handbook /

Bibliographic Details
Main Author: John, Jenny
Format: Book
Language:English
Published: North Vancouver, B.C. : Hancock House, [1980]
Subjects:

MARC

Tag First Indicator Second Indicator Subfields
LEADER 00000cam a2200000 a 4500
001 in00000098545
005 20150924085806.0
008 810827s1980 bcca b 00010 eng d
020 |a 0888390432 (pbk. :)  |c $5.95 
035 |a (OCoLC)07707874 
035 |9 AAK9646AM 
040 |a ILC  |c ILC  |d TXA  |d UtOrBLW 
049 |a TXAM  |c [1272917] 
090 |a GV1017 H7  |b  J6 
092 |a 796.355  |b JOHN 
100 1 |a John, Jenny. 
245 1 0 |a Field hockey handbook /  |c by Jenny John. 
264 1 |a North Vancouver, B.C. :  |b Hancock House,  |c [1980] 
264 4 |c ©1980 
300 |a 82 pages :  |b illustrations ;  |c 28 cm. 
336 |a text  |b txt  |2 rdacontent 
337 |a unmediated  |b n  |2 rdamedia 
338 |a volume  |b nc  |2 rdacarrier 
504 |a Bibliography : page 80. 
650 0 |a Field hockey. 
999 |a MARS 
999 f f |s 19476441-1d18-3651-b207-e3996536d5c2  |i 9297d7cf-42b7-3816-9458-9e84ecb469d9  |t 0 
952 f f |p ric  |a Texas A&M University  |b Rellis Campus  |c Joint Library Facility  |d Remote Storage  |t 0  |e GV1017 H7 J6  |h Library of Congress classification  |i unmediated -- volume  |m A14806027162 
998 f f |a GV1017 H7 J6  |t 0  |l Remote Storage